000 01034nam a2200289 c 4500
003 BLK
005 20180422110041.0
008 180409b bul|||||r ||||||| ||bul||
010 _aKNG00117079000
020 _a954-9554-56-2
_bиздат.: Меценатиздат
040 _aBLK
041 _aBUL
_cBUL
080 _aБългарска литература
_b821.163.2
_x-22
_z821.163.2-22
100 1 _aГеоргиев, Стоян
_eпърви автор
_9363688
139 _aГеоргиев, Стоян
_bГ 37
245 1 0 _aХаос
_bПублицист.-митол. комедия
_cСтоян Георгиев.
257 _aBGR
260 Бургас
_bМеценатиздат
_c2004
_fБургас : ЛатинЕ
300 _a98 с.
_c20 см
380 _aX
500 _aПълното име на авт. е Стоян Георгиев Стоянов
852 _aЦб 222316
856 4 _qpdf
_u
856 4 _qpdf
_u
942 _cKNG
_n0
944 _aCR
_c24.01.2005
_kГеновева_Генчева
944 _aED
_c02.02.2005
_k
999 _c111729
_d111729